| 000 | 00469nam a2200121Ia 4500 | ||
|---|---|---|---|
| 008 | 220620s9999||||xx |||||||||||||| ||und|| | ||
| 245 | 4 |
_aThe Clinical Spectrum of Alzheimer's Disease _bThe Charge Toward Comprehensive Diagnostic and Therapeutic Strategies |
|
| 546 | _aEnglish[eng] | ||
| 650 | _aNeurology & clinical neurophysiology | ||
| 700 | _aDe La Monte, Suzanne | ||
| 856 | _uhttps://mts.intechopen.com/storage/books/197/authors_book/authors_book.pdf | ||
| 942 | _cEB | ||
| 999 |
_c31292 _d31292 |
||